[Event "Remote 11er 0045 email"]
[Site "Remote email"]
[Date "2013.11.17"]
[Round "?"]
[White "Pegoraro, Erivaldo"]
[Black "Camacho, Carlos Eduardo"]
[Result "0-1"]
[WhiteElo "2093"]
[BlackElo "2175"]
[PlyCount "64"]
[EventDate "2013.??.??"]
[EventType "tourn (corr)"]
[EventRounds "10"]
[EventCountry "GER"]
[SourceTitle "Corr 2015"]
[Source "ChessBase"]
[SourceDate "2015.07.17"]
[SourceVersion "1"]
[SourceVersionDate "2015.07.17"]
[SourceQuality "1"]

1. d4 d5 2. c4 e6 3. Nc3 Nf6 4. cxd5 exd5 5. Bg5 c6 6. Nf3 Bd6 7. e3 Bf5 8. Bd3 Bxd3 9. Qxd3 Nbd7 10. 0-0 0-0 11. Rfc1 Qe7 12. h3 Rfe8 13. Nh4 Qe6 14. Bxf6 Nxf6 15. Nf3 Ne4 16. a3 f5 17. b4 g5 18. b5 Rac8 19. bxc6 Rxc6 20. Nb5 Bb8 21. Rxc6 bxc6 22. Nc3 g4 23. hxg4 fxg4 24. Nd2 Nxd2 25. Qxd2 Qh6 26. Qd1 Kh8 27. Rb1 g3 28. Qg4 gxf2+ 29. Kf1 Bd6 30. Rd1 a5 31. e4 Qh2 32. Ke2 Bxa3 0-1

[Event "Remote 11er 0045 email"]
[Site "Remote email"]
[Date "2013.11.17"]
[Round "?"]
[White "Pegoraro, Erivaldo"]
[Black "Grimm, Wolfgang"]
[Result "1-0"]
[WhiteElo "2093"]
[BlackElo "1901"]
[PlyCount "75"]
[EventDate "2013.??.??"]
[EventType "tourn (corr)"]
[EventRounds "10"]
[EventCountry "GER"]
[SourceTitle "Corr 2015"]
[Source "ChessBase"]
[SourceDate "2015.07.17"]
[SourceVersion "1"]
[SourceVersionDate "2015.07.17"]
[SourceQuality "1"]

1. d4 d5 2. Nf3 Nf6 3. e3 e6 4. Bd3 Bd6 5. Nbd2 0-0 6. 0-0 Nc6 7. c3 h6 8. e4 dxe4 9. Nxe4 Nxe4 10. Bxe4 Qf6 11. Be3 Ne7 12. Qe2 Nf5 13. Bd2 Rd8 14. Rad1 a5 15. Kh1 Nh4 16. Ne5 a4 17. g3 Nf5 18. g4 a3 19. b3 Nh4 20. f4 Qe7 21. Be1 Rf8 22. Bg3 Rb8 23. c4 Bxe5 24. dxe5 Ng6 25. f5 exf5 26. gxf5 Nxe5 27. f6 gxf6 28. Bxe5 fxe5 29. Qh5 Qe6 30. Bd5 Qg4 31. Rg1 Kh7 32. Rxg4 Bxg4 33. Qxg4 f5 34. Qg3 f4 35. Be4+ Kh8 36. Qg6 Rf7 37. Qxh6+ Rh7 38. Qxh7# 1-0